000
00212nam a22000977a 4500
082
_a
621.56 TRA'T
245
_a
TRANE RECIPROCATING REFRIGERATION
260
_a
LONDON
_b
TAAME
_c
1977
300
_a
176P
942
_c
BK
999
_c
575831
_d
575831